000 00959 a2200205 4500
003 Nust
005 20221118082103.0
010 _a 2005323472
020 _a8188230529
040 _cNust
082 _a621.38,MIS
100 0 _aMisra, Ranjana
_9102992
245 1 0 _aElectrical engineering /
_cRanjana Misra
260 _aNew Delhi
_bAPH
_c2005.
300 _a310 p. ;
_ccm.
505 _aElectrostatics (Page-1), Magnetostatics (Page-15), Basic Laws (Page-36), Theory of Linear Passive Networks (Page-54), Network Parameters (Page-76), Phasor Representation of Siuoidal Complex Impedances (Page-105), Resonance (Page-123), Balanced Three Phase Circuits (Page-148), Magnetic Fields (Page-183), Magnetic Circuit (Page-202), Generator (Page-235), Trasformers (Page-256), Induction and Synchronous Motors (Page-274), Shunt and Compound Motors (Page-293).
650 0 _aElectrical engineering
700 1 _aMiⳲa, Sureⳡcandra.
_9102993
942 _2ddc
_cBK
999 _c181126
_d181126